Toutes les lignes TCL - Statistiques

Statistiques générales
  • Ce quiz a été pris 202 fois
  • Le résultat moyen est 112 sur 370
Statistiques - réponses
Hint Réponse % Correct
Gare de Vaise - Gare de Vénissieux D
100%
Perrache - Vaulx-en-Velin La Soie A
99%
Charpennes - Saint-Genis-Laval Hôpital Lyon Sud B
99%
Hôtel de Ville - Cuire C
99%
Debourg - IUT Feyssine T1
96%
Hôtel Région Montrochet - Saint Priest Bel Air T2
96%
Gare Part-Dieu Villette - Meyzieu les Panettes T3
96%
La Doua Gaston Berger - Hôpital Feyzin Vénissieux T4
96%
Grange Blanche - Eurexpo T5
96%
Debourg - Hôpitaux Est Pinel T6
96%
Vaulx-en-Velin La Soie - Décines OL Vallée T7
96%
Gare Part-Dieu Vivier-Merle - Cuire C1
89%
Gare Part-Dieu Vivier-Merle - Rillieux Semailles C2
89%
Gare Saint-Paul - Vaulx La Grappinière C3
89%
Jean Macé - Cité Internationale C4
89%
Cordeliers - Rillieux Semailles / Vancia C5
89%
Gare Part-Dieu Vivier-Merle - Campus Lyon Ouest C6
88%
Gare Part-Dieu Vivier-Merle - Hôpital Lyon Sud C7
88%
Grange Blanche - Vaulx Résistance C8
87%
Bellecour - Hôpitaux Est C9
87%
Bellecour - Saint Genis Barolles C10
86%
Bellecour Le Viste - Francheville Taffignon C20
86%
Saxe Gambettra - Laurent Bonnevay C11
85%
Bellecour - Hôpital Feyzin Vénissieux C12
85%
Grange Blanche - Montessuy C13
85%
Jean Macé - Les Sources C14
85%
Bachut - Laurent Bonnevay C15
85%
Charpennes - Surville Route de Vienne C16
85%
Charpennes - Porte des Alpes C17
85%
Hôtel de Ville Louis Pradel - Croix-Rousse Nord C18
85%
Perrache - Francheville Taffignon C19
85%
Perrache - Gorge de Loup C21
85%
Gorge de Loup - Dardilly Le Jubin / Limonest Le Puy d'Or 3
80%
Croix-Rousse - Plateau de Saint-Rambert 2
79%
Laurent Bonnevay - Vaulx Lamartine 7
79%
Gare d'Oullins SAINT-GENIS-LAVAL Hôpital Lyon Sud 12
77%
Pont Mouton - Charbonnières Les Verrières 5
77%
Gare d'Oullins - Ste Foy Place St Luc 6
77%
Perrache - Oullins Clément Désormes 8
77%
Gare de Vaise - Porte de Lyon 10
75%
Cordeliers - Sathonay Castellane 9
75%
Gare d'Oullins - Thurins Mairie 11
73%
Croix-Rousse - Valdo 45
72%
SAINT-GENIS-LAVAL Hôpital Lyon Sud - Vernaison Place 18
71%
Hôtel de Ville Louis Pradel - Le Pérollier 19
71%
Gare de Vaise - Saint Fortunat 22
71%
Gare d'Oullins - Gorge de Loup 14
70%
Gare de Vaise - Limonest Cimetière / Saint-Germain Gare 21
70%
Gare de Vaise - Rocade des Monts d'Or 23
70%
Grange Blanche - Bron Sept Chemins 24
70%
Gare Part-Dieu Vivier-Merle - Bron Sept Chemins 25
70%
Lycée Lumière - Manissieux Pierre Blanche 26
70%
Vieux Lyon - Villeurbanne Centre 27
70%
St Pierre de Chandieu Rajat - St Priest Jules Ferry 30
70%
Croix-Rousse - Rillieux Les Alagniers 33
70%
Cité Internationale Transbordeur - Grange Blanche C26
70%
Bellecour - Irigny Hauts de Selettes 15
69%
Gare Part-Dieu Vivier-Merle - St Priest Plaine de Saythe C25
69%
Vaulx-en-Velin La Soie - Décines Grand Large 16
68%
Gare d'Oullins - St Genis 2/Lycée Descartes 17
68%
Vaulx-en-Velin La Soie - Meyzieu ZI 28
68%
Saint-Priest RN6 Ambroise Paré - Meyzieu Z.I 29
68%
Meyzieu Zi - Jons Hameau de Bianne 32
68%
Perrache - Grange Blanche 34
68%
Perrache - Boyer 46
68%
Genas Bornicat - Aéroport Saint Éxupéry 48
68%
Gorge de Loup - Gymnase E. Catalon C24
68%
Perrache / Gare de Vaise - Cité Édouard Herriot 31
67%
Bellecour - Vénissieux Le Charréard 35
67%
Bellecour - Neuville 40
67%
Meyzieu ZI - Aéroport Saint Éxupéry - St-Laurent Maréchal Juin 47
67%
Perrache - Sainte Foy Châtelain 49
67%
Saint-Priest Hôtel de Ville - La Fouillouse 50
67%
Perrache - Campus Lyon Ouest 55
67%
Gare de Vaise - Saint-Cyr 20
66%
Charpennes - Vaulx O'Hara 37
66%
Parc de Parilly - Solaize 39
66%
Vaulx La Grappinière - Parilly Université Hippodrome 52
66%
Gare Part-Dieu Vivier-Merle - Caluire Place de la Bascule 38
65%
Gare de Vaise - Saint Romain / Genay Proulieu 43
65%
Laurent Bonnevay - Vaulx Marcel Cachin / Décines Grand Large 57
65%
Gare de Vénissieux - Corbas Les Taillis / ZA Chapotin 54
64%
Perrache - Feyzin Les Razes / Château de l'Isle 60
64%
Laurent Bonnevay - Meyzieu ZI 67
64%
Perrache - Oullins Le Golf 63
63%
Gare Part-Dieu Vivier-Merle - Neuville 70
63%
Gare de Vaise - Lissieu Montluzin 61
62%
Gare de Vénissieux - Mions Jules Vallès 62
62%
Gorge de Loup - Charcot La Source 65
62%
Saint-Just - Champagne Écoles 66
62%
Manufacture Montluc - Collège du Tonkin 69
62%
Caluire Montessuy - Pont de Fontaines 77
62%
Gare de Vaise - Porte de Lyon 89
62%
Jean Macé - Saint Fons Semard 64
61%
Vaulx-en-Velin La Soie - Chassieu Grandes Terres 68
61%
Gare de Vaise - Écoles de Collonges 71
61%
Gare de Vaise - Neuville 84
61%
Gare d'Oullins - SAINT-GENIS-LAVAL Hôpital Lyon Sud 88
61%
Gorge de Loup - Marcy Campus Sanofi 98
61%
Gorge de Loup - Saint Consorce 72
60%
Gorge de Loup - Brindas Centre 73
60%
Décines Grand Large - Corbas les Balmes 76
60%
SAINT-GENIS-LAVAL Hôpital Lyon Sud - Gare de Givors Ville 78
60%
Grigny La Colombe - Givors Vallée du Gier 80
60%
Décines Grand Large - Meyzieu Centre Aquatique 85
60%
Gorge de Loup - La Tour de Salvagny Chambettes 86
60%
Valmy Place Ferber - Sainte Foy Châtelain 90
60%
Vénissieux La Borelle - Décines Grand Large 79
59%
Plateau de Montrond - Collège Paul Vallon 81
59%
Gare de Vénissieux - Mions Bourdelle 87
59%
Gare Part-Dieu - Aéroport Saint-Exupéry RhôneExpress
59%
Meyzieu Parc du Grand Large - Jonage 95
58%
Neuville - Saint-Germain / Quincieux Boulodrome 96
58%
Neuville - Montanay Les Dimes 97
58%
Hôpital Feyzin Vénissieux - Porte des Alpes 93
57%
Vieux Lyon - Saint Just F1
49%
Vieux Lyon - Fourvière F2
49%
Bellecour Le Viste - Fort du Bruissin C20E
48%
Mermoz Pinel - Parilly Université Hippodrome C15E
44%
Gare Saint-Paul - Confluence Rambaud S1
44%
Gare de Vaise - Le Chatêau Duchère S11
44%
Collège Paul Vallon - Cimetière de Givors / La Rama S3
44%
Croix-Rousse Clos-Jouve - Hénon Croix-Rousse S4
44%
La Buissière Viralamande - Rillieux Vancia S8
44%
St-Genis-Laval Hôpital Lyon Sud - Moly S9
44%
Lycée Jean Perrin - Joannès Carret S10
43%
Hôtel de Ville Louis Pradel - Croix-Rousse S12
43%
La Tour de Salvagny Mairie - Chambettes-Mairie-Gare-Mairie S2
43%
Hôtel de Ville Louis Pradel - Croix Rousse S6
43%
Saint Cyr La Chaud École de Champlong S7
43%
Gorge de Loup - Gymnase E. Catalon C24E
42%
Caluire Bords de Saône - Vieux Crépieux S5
42%
Bellecour Charité - Vernaison Place 15E
40%
Vaulx-en-Velin La Soie - Bron Droits de l'Homme 52E
40%
Gorge de Loup - Craponne - Brindas Centre 73E
40%
Gare de Vaise - Porte de Lyon 10E
39%
Circulaire Neville S14
38%
Gare D'Écully la Demi-Lune - Les Sources S15
38%
Grange-Blanche - Colombier Saugnieu Les Salines 1E
36%
Gare de Vénissieux - Saint-Priest Gare Zi1
32%
Meyzieu Zi Nord - Meyzieux Zi Sud Zi2
32%
ZI Vaulx-en-Velin Est - Vaulx-en-Velin La Soie Zi3
32%
Vaulx La Soie - Caluire Chemin Petit Zi4
32%
Vaulx-en-Velin La Soie - Genas Rond-Point d'Italie Zi5
31%
Gorge de Loup - Marcy Campus Sanofi (Express) 98E
30%
Terreaux - INSA Einstein PL1
30%
Hôtel de Ville - Grange Blanche PL2
30%
Hôtel de Ville - Pontet Crases PL3
30%
St Priest Jules Ferry - Parc des Lumières Zi8
29%
Gare de Vaise - Lissieu Montluzin (vers Villefranche-sur-S.) 115
28%
Parilly - Corbas Parc de Loisirs (vers Vienne) 111
26%
Parilly - Corbas Parc de Loisirs (vers Chaponnay) 112
26%
Parilly - Gare de Givors Ville 113
26%
St-Genis-Laval Hôpital Lyon Sud - Gare de Givors Ville 114
26%
Perrache - Gare de Givors Ville 120
26%
Gare de Vaise - Lissieu Bois Dieu (vers Villefranche-sur-S.) 118
25%
Gare d'Oullins - Charly Chemin du Repos (vers Millery) 119
25%
Gare de Crépieux - Rillieux V. Hugo / Crépieux Les Brosses Ge1
21%
Feyzin Gare - Solaize C.R.E.S. Ge2
21%
La Tour de Salvagny Gare - Techlid Ge4
21%
Charbonnières Gare - Marcy l'Étoile Ge6
21%
Craponne Terres Plates - Grézieu Montolvet (vers Pollionay) 147
18%
Gorge de Loup - Marcy École Vétérinaire (vers Aveize) 142
17%
St-Genis Hôp. Sud - Barolles Gendarmerie (vers Rive de Gier) 145
17%
Vaulx-en-Velin La Soie - Eurexpo N100
16%
Gare de Vaise - Porte de Lyon 89D
15%
Gorge de Loup - Thurins Le Pont (vers Chazelles-sur-Lyon) 2Ex
14%
Pont Guillotière - Crépieux Les Brosses (vers Montluel) A71
11%
Collège Jean Moulin et Lycée Saint-Just (Lyon 5ème) JD100
11%
Pont Guillotière - Crépieux Les Brosses (vers Bourg-en-B.) A32
10%
Parilly - St-Pierre de Chandieu Rajat (vers St-Jean de B.) T36
10%
Collège Daisy Georges Martin (Irigny) JD002
9%
Collège La Xavière (Chaponnay) JD003
9%
Établissements scolaires de Givors JD111
9%
Collège Jeanne d'Arc & Louis Leprince Ringuet (Genas) JD121
9%
Établissements scolaires Croix-Rousse (Lyon 1er) JD200
9%
Collège Jeanne d'Arc & Louis Leprince Ringuet (Genas) JD122
8%
Collège Jeanne d'Arc & Louis Leprince Ringuet (Genas) JD123
8%
Poleymieux - Neville R2
8%
Collège La Xavière (Chaponnay) JD004
7%
Collège Louis Querbes (Vourles) JD006
7%
Collège Jeanne d'Arc (Genas) JD008
7%
Lycée André Paillot (Saint-Genis-Laval) JD010
7%
Centre Scolaire Assomption Bellevue (La Mulatière) JD013
7%
Collège Daisy Georges Martin (Irigny) JD015
7%
Centre Scolaire Assomption Bellevue (La Mulatière) JD016
7%
Lycée Paul Claudel (Villemoirieu) JD019
7%
Collège Alain (Saint-Fons) JD021
7%
Collège Alain (Saint-Fons) JD022
7%
Collège Alain annexe Marroniers (Vénissieux) JD023
7%
Lycée Saint-Marc (Nivolas-Vermelle) JD025
7%
Collège Louis Lachenal (Saint-Laurent-de-Mûre) JD027
7%
Lycée Condorcet (Saint-Priest) JD028
7%
Collège Laurent Mourguet (Écully) JD031
7%
Collège J-P. Rameau & L. Mourguet (Champagne & Écully) JD032
7%
Collège J-P. Rameau & L. Mourguet (Champagne & Écully) JD033
7%
Collège J-P. Rameau & L. Mourguet (Champagne-au-Mont-d'Or) JD035
7%
Collège J-P. Rameau & L. Mourguet (Champagne-au-Mont-d'Or) JD036
7%
Collège Pierre Brossolette (Oullins) JD041
7%
Collège et Lycée Jean Perrin (Lyon 9ème) JD053
7%
Collège Jeanne d'Arc & Louis Leprince Ringuet (Genas) JD120
7%
Collège Jeanne d'Arc (Genas) JD125
7%
Collège Jeanne d'Arc & Louis Leprince Ringuet (Genas) JD126
7%
Collège Jeanne d'Arc & Louis Leprince Ringuet (Genas) JD127
7%
Collège Jeanne d'Arc (Genas) JD128
7%
Collège Jeanne d'Arc & Louis Leprince Ringuet (Genas) JD129
7%
Collège et Lycée Charles de Foucauld (Lyon 3ème) JD130
7%
Établissements scolaires de Lyon 3ème & 8ème JD132
7%
Établissements scolaires de Lyon 3ème & 8ème JD133
7%
Établissements scolaires de Lyon 3ème & 8ème JD135
7%
Établissements scolaires de Lyon 3ème & 8ème JD136
7%
Collège Charles Sénard (Caluire-et-Cuire) JD140
7%
Lycée Blaise Pascal (Charbonnières-les-Bains) JD161
7%
Lycée Blaise Pascal (Charbonnières-les-Bains) JD162
7%
Lycée Blaise Pascal (Charbonnières-les-Bains) JD163
7%
Lycée Blaise Pascal (Charbonnières-les-Bains) JD164
7%
Lycée Blaise Pascal (Charbonnières-les-Bains) JD165
7%
Lycée Blaise Pascal (Charbonnières-les-Bains) JD166
7%
Lycée Blaise Pascal (Charbonnières-les-Bains) JD167
7%
Lycée Blaise Pascal (Charbonnières-les-Bains) JD168
7%
Lycée Blaise Pascal (Charbonnières-les-Bains) JD169
7%
Institution Saint-Joseph (Tassin-la-Demi-Lune) JD177
7%
Collège Sacré Cœur (Écully) JD301
7%
Centre Scolaire Assomption Bellevue (La Mulatière) JD011
6%
Collège et Lycée Jean Perrin (Lyon 9ème) JD054
6%
Collège et Lycée Jean Perrin (Lyon 9ème) JD055
6%
Collège et Lycée Jean Perrin (Lyon 9ème) JD056
6%
Collège et Lycée Jean Perrin (Lyon 9ème) JD057
6%
Collège et Lycée Jean Perrin (Lyon 9ème) JD058
6%
Collège, Lycée St-Exupéry & Lycée Diderot (Lyon 1er & 4ème) JD061
6%
Collège, Lycée St-Exupéry & Lycée Diderot (Lyon 1er & 4ème) JD062
6%
Collège, Lycée St-Exupéry & Lycée Diderot (Lyon 1er & 4ème) JD063
6%
Lycée Rosa Parks (Neuville-sur-Saône) JD070
6%
Institution ND de Bellegarde & Collège J. Renoir (Neuville) JD071
6%
Institution ND de Bellegarde & Collège J. Renoir (Neuville) JD072
6%
Institution ND de Bellegarde & Lycée Rosa Parks (Neuville) JD073
6%
Institution ND de Bellegarde & Lycée Rosa Parks (Neuville) JD074
6%
Institution ND de Bellegarde & Lycée Rosa Parks (Neuville) JD075
6%
Institution ND de Bellegarde & Lycée Rosa Parks (Neuville) JD076
6%
Institution Notre-Dame de Bellegarde (Neuville-sur-Saône) JD077
6%
Institution ND de Bellegarde & Collège J. Renoir (Neuville) JD078
6%
Lycée Rosa Parks (Neuville-sur-Saône) JD079
6%
Établissements scolaires de Rillieux-la-Pape JD081
6%
Établissements scolaires de Lyon 5ème JD092
6%
Établissements scolaires de Lyon 3ème & 8ème JD137
6%
Institution Saint-Joseph (Tassin-la-Demi-Lune) JD171
6%
Institution Saint-Joseph (Tassin-la-Demi-Lune) JD172
6%
Institution Saint-Joseph (Tassin-la-Demi-Lune) JD173
6%
Institution Saint-Joseph (Tassin-la-Demi-Lune) JD174
6%
Institution Saint-Joseph (Tassin-la-Demi-Lune) JD176
6%
Collège et Lycée La Xavière (Vénissieux & Lyon 8ème) JD195
6%
Établissements scolaires Croix-Rousse (Lyon 1er & 4ème) JD201
6%
Établissements scolaires Croix-Rousse (Lyon 1er & 4ème) JD202
6%
Établissements scolaires Croix-Rousse (Lyon 1er & 4ème) JD203
6%
Collège de La Sidoine (Trévoux) JD241
6%
Sainte-Marie Lyon (La Verpillière) JD254
6%
St-Thom. d'Aquin & ND Bon Conseil (Oullins & St-Genis-Laval) JD260
6%
Collège Sacré Cœur (Écully) JD302
6%
Lycée la Martinière Duchère (Lyon 9ème) JD151
5%
Collège et Lycée Fromente (Saint-Didier-au-Mont-d'Or) JD181
5%
Collège et Lycée Fromente (Saint-Didier-au-Mont-d'Or) JD182
5%
Collège et Lycée Fromente (Saint-Didier-au-Mont-d'Or) JD183
5%
Collège et Lycée Fromente (Saint-Didier-au-Mont-d'Or) JD184
5%
Collège et Lycée Fromente (Saint-Didier-au-Mont-d'Or) JD185
5%
Collège et Lycée Fromente (Saint-Didier-au-Mont-d'Or) JD186
5%
Collège et Lycée La Xavière (Vénissieux & Lyon 8ème) JD190
5%
Collège et Lycée La Xavière (Vénissieux & Lyon 8ème) JD192
5%
Établissements scolaires Croix-Rousse (Lyon 1er) JD204
5%
Établissements scolaires Croix-Rousse (Lyon 1er & 4ème) JD205
5%
Établissements scolaires Croix-Rousse (Lyon 1er & 4ème) JD206
5%
Établissements scolaires Croix-Rousse (Lyon 1er) JD207
5%
Établissements scolaires Croix-Rousse (Lyon 1er) JD208
5%
Établissements scolaires Croix-Rousse (Lyon 1er & 4ème) JD209
5%
Collège Christiane Bernardin (Francheville) JD211
5%
Collège Christiane Bernardin (Francheville) JD212
5%
Collège Jules Michelet JD221
5%
Lycée Agricole et Horticole (Dardilly) JD231
5%
Collège de La Sidoine (Trévoux) JD242
5%
Collège de La Sidoine (Trévoux) JD243
5%
Collège de La Sidoine (Trévoux) JD244
5%
Sainte-Marie Lyon (La Verpillière) JD251
5%
Sainte-Marie Lyon (La Verpillière) JD252
5%
Sainte-Marie Lyon (La Verpillière) JD253
5%
St-Thom. d'Aquin & ND Bon Conseil (Oullins & St-Genis-Laval) JD261
5%
St-Thom. d'Aquin & ND Bon Conseil (Oullins & St-Genis-Laval) JD262
5%
St-Thom. d'Aquin & ND Bon Conseil (Oullins & St-Genis-Laval) JD263
5%
St-Thom. d'Aquin & ND Bon Conseil (Oullins & St-Genis-Laval) JD264
5%
St-Thom. d'Aquin & ND Bon Conseil (Oullins & St-Genis-Laval) JD266
5%
St-Thom. d'Aquin & ND Bon Conseil (Oullins & St-Genis-Laval) JD267
5%
St-Thom. d'Aquin & ND Bon Conseil (Oullins & St-Genis-Laval) JD268
5%
St-Thom. d'Aquin & ND Bon Conseil (Oullins & St-Genis-Laval) JD269
5%
Collège Jacques Cœur (Lentilly) JD271
5%
Collège Jacques Cœur (Lentilly) JD272
5%
Lycée Parc Chabrières (Oullins) JD282
5%
Lycée Charlie Chaplin (Décines-Charpieu) JD294
5%
Lycée Charlie Chaplin (Décines-Charpieu) JD295
5%
Collège Sacré Cœur (Écully) JD303
5%
Collège Sacré Cœur (Écully) JD304
5%
Collège Sacré Cœur (Écully) JD305
5%
Collège Sacré Cœur & J-P. Rameau (Écully & Champagne) JD306
5%
Collège Jean De Tournes (Fontaines-sur-Saône) JD313
5%
Collège Jean De Tournes (Fontaines-sur-Saône) JD314
5%
Collège Jean De Tournes (Fontaines-sur-Saône) JD315
5%
Collège Les Servizières (Meyzieu) JD321
5%
Collège Georges Charpak (Brindas) JD344
5%
Collège Georges Charpak (Brindas) JD345
5%
Collège Notre-Dame des Vallons (Vaugneray) JD352
5%
Collège Notre-Dame des Vallons (Vaugneray) JD353
5%
Collège Notre-Dame des Vallons (Vaugneray) JD355
5%
Collège Notre-Dame des Vallons (Vaugneray) JD356
5%
Collège Jean-Jacques Rousseau (Tassin-la-Demi-Lune) JD411
5%
Collège Jean-Jacques Rousseau (Tassin-la-Demi-Lune) JD412
5%
B. Pascal, St Joseph & JJ. Rousseau (Charbonnières & Tassin) JD413
5%
Lycée René Descartes (Saint-Genis-Laval) JD441
5%
Lycée René Descartes & André Paillot (Saint-Genis-Laval) JD442
5%
Lycée Horticole de Lyon Pressin (Saint-Genis-Laval) JD451
5%
Collège Jean Macé (Villeurbanne) JD581
5%
Collège Françoise Dolto (Chaponost) JD591
5%
Collège Les Servizières (Meyzieu) JD322
4%
Lycée Jean-Paul Sartre (Bron) JD331
4%
Lycée Jean-Paul Sartre (Bron) JD332
4%
Lycée Jean-Paul Sartre (Bron) JD333
4%
Collège Georges Charpak (Brindas) JD341
4%
Collège Georges Charpak (Brindas) JD343
4%
Collège Notre-Dame des Vallons (Vaugneray) JD351
4%
Collège Notre-Dame des Vallons (Vaugneray) JD354
4%
Collège Notre-Dame des Vallons (Vaugneray) JD357
4%
Collège Notre-Dame des Vallons (Vaugneray) JD359
4%
Collège Jean Rostand (Craponne) JD363
4%
Collège Jean Rostand (Craponne) JD364
4%
Collège Notre-Dame de Lourdes (Civrieux-d'Azergues) JD370
4%
Collège Notre-Dame de Lourdes (Civrieux-d'Azergues) JD371
4%
Cité Scolaire Internationale (Lyon 7ème) JD391
4%
Cité Scolaire Internationale (Lyon 7ème) JD392
4%
Cité Scolaire Internationale (Lyon 7ème) JD393
4%
Cité Scolaire Internationale (Lyon 7ème) JD395
4%
Cité Scolaire Internationale (Lyon 7ème) JD396
4%
Cité Scolaire Internationale (Lyon 7ème) JD397
4%
Cité Scolaire Internationale (Lyon 7ème) JD398
4%
Cité Scolaire Internationale (Lyon 7ème) JD399
4%
Établissements scolaires de Saint-Martin-en-Haut JD501
4%
Centre Scolaire Champagnat (Saint-Symphorien-sur-Coise) JD511
4%
Centre Scolaire Champagnat (Saint-Symphorien-sur-Coise) JD512
4%
Centre Scolaire Champagnat (Saint-Symphorien-sur-Coise) JD521
4%
Collège Simone Lagrange (Villeurbanne) JD541
4%
Établissements scolaires de Neuville-sur-Saône JD551
4%
Collège Sainte-Marie Lyon (Lyon 5ème) JD561
4%
Collège Olivier de Serres (Meyzieu) JD571
4%
Lycée Sainte-Marie Lyon (Meyzieu) JD611
4%
Collège Notre-Dame des Vallons (Vaugneray) JD358
3%
Collège Jean Rostand (Craponne) JD361
3%
Lycée Hôtelier La Vidaude (Saint-Genis-Laval) JD461
3%
Institution Saint-Louis (Dagneux) JD471
3%
Institution Saint-Louis (Dagneux) JD472
3%
Collège Jacques Prévert (Saint-Symphorien-d'Ozon) JD481
3%
Établissements scolaires de Saint-Martin-en-Haut JD502
3%
Établissements scolaires de Saint-Martin-en-Haut JD503
3%
Établissements scolaires de Saint-Martin-en-Haut JD504
3%
Établissements scolaires de Neuville-sur-Saône JD552
3%
Collège Sainte-Marie Lyon (Lyon 5ème) JD562
3%
Lycées Beltrame & Sainte-Marie Lyon (Meyzieu) JD612
3%
Lycée Beltrame (Meyzieu) JD613
3%
Collège Aux Lazaristes-La Salle (Limonest) JD621
3%
Collège Aux Lazaristes-La Salle (Limonest) JD623
3%
Cité Scolaire Internationale (Lyon 7ème) JD721
3%
Collège Charles de Gaulle (Saint-Pierre-de-Chandieu) JD762
3%
Lycée B. Pascal & Inst. St Joseph (Charbonnières & Tassin) JD538
2%
Lycée René Descartes (Saint-Genis-Laval) JD603
2%
Collège Daisy Georges Martin (Irigny) JD720
2%
Collège Charles de Gaulle (Saint-Pierre-de-Chandieu) JD761
2%
Aucun quiz correspondant
Distribution des résultats
% des personnes avec chaque résultat
Percentile par nombre de réponses
Votre historique - résultats
Vous n’avez pas pris ce quiz